| 000 | 00358nam a22001457a 4500 | ||
|---|---|---|---|
| 999 |
_c11179 _d11179 |
||
| 003 | OSt | ||
| 008 | 220507b ||||| |||| 00| 0 eng d | ||
| 020 | _a978-81-910805-0-6 | ||
| 100 | _aJUNEJA,M.M | ||
| 245 | _aBhagat Singh Di Kathani Te Karni | ||
| 260 |
_aPanchhkula _bModern Publishers _c2015 |
||
| 300 | _a232 | ||
| 650 | _aGernal Book | ||
| 942 |
_2ddc _cBK |
||